| 000 | 00428nam a2200145 a 4500 | ||
|---|---|---|---|
| 005 | 20260322212007.0 | ||
| 008 | data | ||
| 090 | _aF 811 A759a 1963 | ||
| 110 | 2 | _aArizona. State Employment Service. | |
| 245 | 1 | 0 |
_aArizona, a century of growth _cArizona. State Employment Service. |
| 260 |
_aPhoenix, Ariz. _bArizona State Employment Service _c1963 |
||
| 650 | 0 |
_aArizona _xHistory |
|
| 650 | 0 |
_aArizona _xEconomic conditions |
|
| 001 | data | ||
| 999 |
_c128 _d128 |
||